Porovnávajme financovanie nášho školstva kúpnou silou slovenskej koruny
Prepočítavanie meny na paritu kúpnej sily pri výdavkoch v prepočte na jedného obyvateľa. Úroveň výdavkov na školstvo v prepočte na jedného študenta. Koeficient vzdelanostnej úrovne obyvateľstva Slovenska.
Guardado en:
| Autor principal: | |
|---|---|
| Formato: | Capítulo de libro |
| Lenguaje: | eslovaco |
| Materias: | |
| Etiquetas: |
Sin Etiquetas, Sea el primero en etiquetar este registro!
|
MARC
| LEADER | 00000naa$a2200000$$$4500 | ||
|---|---|---|---|
| 001 | 0069144 | ||
| 005 | 20231114072328.8 | ||
| 041 | 0 | |a slo | |
| 044 | |a SK | ||
| 245 | 1 | 0 | |a Porovnávajme financovanie nášho školstva kúpnou silou slovenskej koruny |c Michal Majtán |
| 520 | |a Prepočítavanie meny na paritu kúpnej sily pri výdavkoch v prepočte na jedného obyvateľa. Úroveň výdavkov na školstvo v prepočte na jedného študenta. Koeficient vzdelanostnej úrovne obyvateľstva Slovenska. | ||
| 610 | 2 | 0 | |a financovanie |
| 610 | 2 | 0 | |a školstvo |
| 610 | 2 | 0 | |a parita sily kúpnej |
| 610 | 2 | 0 | |a výdavky |
| 610 | 2 | 0 | |a vzdelanie |
| 100 | 1 | |a Majtán, Michal | |